000
00179 a2200097 4500
020
_a
2370000087959
041
_a
eng
100
_a
Lisa Carter
245
_a
Aloha Rose
942
_c
BK
999
_c
13781
_d
13781